[Event "NED-ch Blitz Final"]
[Site "Rotterdam"]
[Date "2023.09.09"]
[Round "1"]
[White "Van Arkel, Rogier"]
[Black "Lombaers, Peter"]
[Result "1-0"]
[WhiteElo "2204"]
[BlackElo "2372"]
[PlyCount "147"]
[EventDate "2023.09.09"]
[EventType "tourn (blitz)"]
[EventRounds "11"]
[EventCountry "NED"]
[EventCategory "9"]
[SourceTitle "EXT 2024"]
[Source "ChessBase"]
[SourceDate "2023.10.10"]
[SourceVersion "1"]
[SourceVersionDate "2023.10.10"]
[SourceQuality "1"]

1. e4 c5 2. Nf3 d6 3. Bb5+ Bd7 4. Bxd7+ Nxd7 5. 0-0 Ngf6 6. Qe2 e6 7. c4 a6 8. Nc3 Ne5 9. b3 Be7 10. Bb2 0-0 11. Nxe5 dxe5 12. d3 Qc7 13. Nd1 b5 14. Ne3 b4 15. g3 Nd7 16. Ng4 Bd6 17. Rae1 a5 18. h4 Rae8 19. h5 f5 20. Ne3 Qd8 21. h6 gxh6 22. Qh5 Qg5 23. Qh3 f4 24. Ng4 h5 25. Nh2 Nf6 26. Bc1 Re7 27. Nf3 Qg4 28. Kg2 Kh8 29. Nh2 f3+ 30. Nxf3 Qxh3+ 31. Kxh3 Ng4 32. Nh4 Nxf2+ 33. Kg2 Ref7 34. Re3 Ng4 35. Ref3 Rxf3 36. Rxf3 Rxf3 37. Kxf3 Kg7 38. Ke2 Kf6 39. Nf3 h6 40. Nh4 Be7 41. Ng2 Kf7 42. Be3 Ke8 43. Bd2 Bg5 44. Be1 Ke7 45. Bf2 a4 46. Bxc5+ Kd7 47. Bxb4 axb3 48. axb3 Nf6 49. Bc3 Ng4 50. b4 Kc6 51. Bd2 Be7 52. Ne3 Nxe3 53. Bxe3 Bxb4 54. Bxh6 Bc3 55. Be3 Kd6 56. Kf3 Kc6 57. Bg5 Kd6 58. g4 hxg4+ 59. Kxg4 Kc5 60. Be3+ Kd6 61. Kf3 Kc6 62. Ke2 Kd6 63. Kd1 Kc6 64. Kc2 Bb4 65. Kb3 Be1 66. Bc1 Ba5 67. Bb2 Bc7 68. Ba3 Ba5 69. Ka4 Bc3 70. Bb4 Bb2 71. Kb3 Bd4 72. Bc3 Kc5 73. Bxd4+ Kxd4 74. Kc2 1-0

[Event "NED-ch Blitz Final"]
[Site "Rotterdam"]
[Date "2023.09.09"]
[Round "6"]
[White "Van Tellingen, Frank"]
[Black "Lombaers, Peter"]
[Result "1-0"]
[WhiteElo "2279"]
[BlackElo "2372"]
[PlyCount "51"]
[EventDate "2023.09.09"]
[EventType "tourn (blitz)"]
[EventRounds "11"]
[EventCountry "NED"]
[EventCategory "9"]
[SourceTitle "EXT 2024"]
[Source "ChessBase"]
[SourceDate "2023.10.10"]
[SourceVersion "1"]
[SourceVersionDate "2023.10.10"]
[SourceQuality "1"]

1. e4 c5 2. d4 cxd4 3. Nf3 d6 4. Nxd4 Nf6 5. Nc3 Nc6 6. Bc4 Qb6 7. Nb3 e6 8. Be3 Qc7 9. 0-0 Be7 10. f4 0-0 11. Bd3 a6 12. a4 b6 13. g4 Bb7 14. g5 Nd7 15. Qh5 Nb4 16. Rf3 Rfe8 17. Bd4 Nf8 18. Raf1 d5 19. Bxg7 Kxg7 20. f5 Bc5+ 21. Nxc5 Qxc5+ 22. Kh1 Kh8 23. g6 fxg6 24. fxg6 dxe4 25. Rxf8+ Rxf8 26. Qxh7# 1-0

[Event "NED-ch Blitz Final"]
[Site "Rotterdam"]
[Date "2023.09.09"]
[Round "4"]
[White "Van Wely, Loek"]
[Black "Lombaers, Peter"]
[Result "0-1"]
[WhiteElo "2644"]
[BlackElo "2372"]
[PlyCount "94"]
[EventDate "2023.09.09"]
[EventType "tourn (blitz)"]
[EventRounds "11"]
[EventCountry "NED"]
[EventCategory "9"]
[SourceTitle "EXT 2024"]
[Source "ChessBase"]
[SourceDate "2023.10.10"]
[SourceVersion "1"]
[SourceVersionDate "2023.10.10"]
[SourceQuality "1"]

1. d4 Nf6 2. c4 c5 3. d5 e6 4. Nf3 exd5 5. cxd5 d6 6. e4 g6 7. Bd3 Bg7 8. h3 0-0 9. 0-0 a6 10. a4 c4 11. Bc2 Nbd7 12. Nc3 Nc5 13. Nd2 Re8 14. Re1 Rb8 15. Nxc4 b5 16. axb5 axb5 17. Na5 b4 18. Nc6 Qc7 19. Nxb8 bxc3 20. Nc6 Ncxe4 21. Bxe4 Nxe4 22. bxc3 Bxc3 23. Ra7 Bxe1 24. Rxc7 Bxf2+ 25. Kf1 Ba6+ 26. Qe2 Bxe2+ 27. Kxe2 Bb6 28. Rb7 Nc5+ 29. Re7 Rxe7+ 30. Nxe7+ Kg7 31. Bf4 Bc7 32. g4 Nd7 33. Kd3 f6 34. Nc8 Ne5+ 35. Bxe5 dxe5 36. d6 Bd8 37. Ke4 Kf7 38. Kd5 Ke8 39. Ke6 e4 40. Na7 e3 41. Nc6 e2 42. d7+ Kf8 43. Nxd8 e1Q+ 44. Kd6 Qb4+ 45. Kc7 Qa5+ 46. Kc8 Qb6 47. Nb7 Qc6+ 0-1

[Event "Utrecht"]
[Site "Utrecht"]
[Date "2023.08.20"]
[Round "9"]
[White "Lombaers, Peter"]
[Black "Kerigan, Demre"]
[Result "1/2-1/2"]
[WhiteElo "2372"]
[BlackElo "2352"]
[PlyCount "142"]
[EventDate "2023.07.08"]
[EventType "tourn"]
[EventRounds "9"]
[EventCountry "NED"]
[EventCategory "4"]
[SourceTitle "EXT 2024"]
[Source "ChessBase"]
[SourceDate "2023.10.10"]
[SourceVersion "1"]
[SourceVersionDate "2023.10.10"]
[SourceQuality "1"]

1. d4 d6 2. Nf3 g6 3. c4 Nf6 4. Nc3 Bg7 5. e4 0-0 6. Be2 e5 7. Be3 c6 8. d5 c5 9. h3 a6 10. a4 Qa5 11. Nd2 Kh8 12. Ra3 Ng8 13. g4 f5 14. exf5 gxf5 15. f3 Qd8 16. h4 e4 17. Bg5 Qe8 18. f4 Nd7 19. gxf5 Ndf6 20. Nf1 Ne7 21. Bxf6 Rxf6 22. Nxe4 Nxf5 23. Nxf6 Bxf6 24. Qd2 Qe4 25. Rhh3 Nd4 26. Rhe3 Qb1+ 27. Kf2 Bxh4+ 28. Kg2 Qg6+ 29. Ng3 Bf5 30. Kh2 Rg8 31. Bd1 Be4 32. Nxe4 Qg1+ 33. Kh3 Qf1+ 34. Kh2 Qg1+ 35. Kh3 Qh1+ 36. Qh2 Qf1+ 37. Kxh4 Nf5+ 38. Kh5 Qxd1+ 39. Qe2 Qg1 40. Ng5 Ng7+ 41. Kh4 Nf5+ 42. Kh3 h6 43. Qe1 Qxe1 44. Rxe1 hxg5 45. Kg4 Nh6+ 46. Kh5 Nf7 47. Rg3 Kg7 48. Re6 Rh8+ 49. Kg4 Rh4+ 50. Kf3 Rxf4+ 51. Ke3 Rxc4 52. Re7 Kg6 53. Rxb7 Rxa4 54. Rb6 Rd4 55. Rxa6 Rxd5 56. Rg1 Kf5 57. Ra8 Ne5 58. Rf8+ Ke6 59. b4 cxb4 60. Rb8 Nc4+ 61. Ke2 Rd2+ 62. Ke1 Rb2 63. Rxg5 Ne5 64. Kd1 Kd5 65. Kc1 Rb3 66. Kc2 Rc3+ 67. Kb2 Rc4 68. Kb3 Rc1 69. Rxb4 Rb1+ 70. Kc3 Rxb4 71. Kxb4 Kd4 1/2-1/2

[Event "NED-chT 2223"]
[Site "Netherlands"]
[Date "2022.11.26"]
[Round "4.1"]
[White "Lombaers, Peter"]
[Black "Van Foreest, Machteld"]
[Result "0-1"]
[WhiteElo "2352"]
[BlackElo "2206"]
[PlyCount "74"]
[EventDate "2022.09.17"]
[EventType "team-tourn"]
[EventRounds "9"]
[EventCountry "NED"]
[SourceTitle "CBM 213 Extra"]
[Source "ChessBase"]
[SourceDate "2023.05.31"]
[SourceVersion "1"]
[SourceVersionDate "2023.05.31"]
[SourceQuality "1"]
[WhiteTeam "Paul Keres"]
[BlackTeam "Groningen Combinatie"]
[WhiteTeamCountry "NED"]
[BlackTeamCountry "NED"]

1. d4 d5 2. c4 c6 3. Nc3 Nf6 4. e3 e6 5. Nf3 Nbd7 6. Qc2 Be7 7. Bd3 0-0 8. 0-0 b6 9. b3 Bb7 10. Bb2 Rc8 11. Rad1 Qc7 12. Ne5 h6 13. f4 c5 14. Qe2 Rfd8 15. f5 Nf8 16. fxe6 fxe6 17. Nb5 Qb8 18. dxc5 Rxc5 19. b4 Rcc8 20. Ng4 Nxg4 21. Qxg4 Bg5 22. Rxf8+ Kxf8 23. Rf1+ Ke7 24. h4 Bxe3+ 25. Kh1 Rg8 26. Qh3 d4 27. Bxd4 Bxd4 28. Nxd4 Qe5 29. Nc2 g5 30. Bh7 g4 31. Qa3 Qe2 32. b5+ Rc5 33. Ne3 Bxg2+ 34. Kg1 Bxf1 35. Nd5+ exd5 36. Qxa7+ Kf6 37. Qxb6+ Ke5 0-1

[Event "NED-chT 2223"]
[Site "Netherlands"]
[Date "2022.11.05"]
[Round "3.2"]
[White "Lombaers, Peter"]
[Black "De Winter, Arthur"]
[Result "1-0"]
[WhiteElo "2352"]
[BlackElo "2379"]
[PlyCount "71"]
[EventDate "2022.09.17"]
[EventType "team-tourn"]
[EventRounds "9"]
[EventCountry "NED"]
[SourceTitle "CBM 213 Extra"]
[Source "ChessBase"]
[SourceDate "2023.05.31"]
[SourceVersion "1"]
[SourceVersionDate "2023.05.31"]
[SourceQuality "1"]
[WhiteTeam "Paul Keres"]
[BlackTeam "Amstelveen Zukertort"]
[WhiteTeamCountry "NED"]
[BlackTeamCountry "NED"]

1. d4 Nf6 2. c4 g6 3. Nc3 Bg7 4. e4 d6 5. Nf3 0-0 6. Be2 Nbd7 7. 0-0 e5 8. Be3 Qe7 9. Qc2 c6 10. d5 c5 11. Kh1 Kh8 12. Rae1 Ng8 13. g4 Nb6 14. Rg1 f5 15. exf5 gxf5 16. Ng5 h6 17. Ne6 Bxe6 18. dxe6 f4 19. Bc1 Qxe6 20. b3 d5 21. g5 Ne7 22. gxh6 Qxh6 23. cxd5 Rad8 24. Ne4 Nbxd5 25. Bb2 f3 26. Bc1 Qh7 27. Bc4 Nf5 28. Bg5 Nf6 29. Bd3 Qh5 30. Nxf6 Bxf6 31. Bxf5 Bxg5 32. Bg6 Qh4 33. Rxe5 Rd2 34. Qxc5 Bh6 35. Rh5 Qf4 36. Qe7 1-0

[Event "EU-Cup 37th"]
[Site "Mayrhofen"]
[Date "2022.10.06"]
[Round "4.2"]
[White "Lombaers, Peter"]
[Black "Mikhalevski, Victor"]
[Result "1/2-1/2"]
[WhiteElo "2351"]
[BlackElo "2523"]
[PlyCount "125"]
[EventDate "2022.10.03"]
[EventType "team-swiss"]
[EventRounds "7"]
[EventCountry "AUT"]
[SourceTitle "CBM 210 Extra"]
[Source "ChessBase"]
[SourceDate "2022.11.30"]
[SourceVersion "1"]
[SourceVersionDate "2022.11.30"]
[SourceQuality "1"]
[WhiteTeam "Paul Keres"]
[BlackTeam "Beer Sheva"]
[WhiteTeamCountry "NED"]
[BlackTeamCountry "ISR"]

1. d4 d5 2. c4 e6 3. Nf3 Nf6 4. Nc3 Bb4 5. Qa4+ Nc6 6. a3 Bxc3+ 7. bxc3 Ne4 8. e3 0-0 9. Bd3 Ne7 10. Qc2 b6 11. cxd5 exd5 12. Nd2 Nf6 13. e4 dxe4 14. Nxe4 Ng6 15. Bg5 Bb7 16. 0-0 Bxe4 17. Bxe4 Rb8 18. Qa4 a5 19. Rfe1 h6 20. Bxf6 Qxf6 21. Bc6 Ne7 22. Bf3 Rbc8 23. Qd7 Ng6 24. Bb7 Rfd8 25. Bxc8 Rxd7 26. Bxd7 Nf4 27. Ra2 Qd6 28. Bf5 g6 29. Be4 Qe6 30. Raa1 Qb3 31. Re3 Qb2 32. Rae1 Qxa3 33. h4 Qd6 34. g3 Nd5 35. Bxd5 Qxd5 36. Rc1 a4 37. c4 Qxd4 38. Ra3 Qc5 39. Rxa4 b5 40. Raa1 b4 41. Ra8+ Kg7 42. Rb8 c6 43. Rb1 Qxc4 44. R8xb4 Qc5 45. Re4 g5 46. hxg5 hxg5 47. Ree1 Kg6 48. Rec1 Qd5 49. Rb6 Kh5 50. Rbxc6 f5 51. R6c5 Qd2 52. R1c4 Kg6 53. Kg2 g4 54. Ra4 Qd3 55. Rc6+ Kg5 56. Raa6 Qf3+ 57. Kg1 Qd1+ 58. Kh2 Qd2 59. Rg6+ Kh5 60. Kg2 Qd5+ 61. Kg1 Qd1+ 62. Kh2 Qd2 63. Kg2 1/2-1/2

[Event "EU-Cup 37th"]
[Site "Mayrhofen"]
[Date "2022.10.04"]
[Round "2.2"]
[White "Fedorchuk, Sergey A"]
[Black "Lombaers, Peter"]
[Result "1-0"]
[WhiteElo "2619"]
[BlackElo "2351"]
[PlyCount "81"]
[EventDate "2022.10.03"]
[EventType "team-swiss"]
[EventRounds "7"]
[EventCountry "AUT"]
[SourceTitle "CBM 210 Extra"]
[Source "ChessBase"]
[SourceDate "2022.11.30"]
[SourceVersion "1"]
[SourceVersionDate "2022.11.30"]
[SourceQuality "1"]
[WhiteTeam "Viernheim"]
[BlackTeam "Paul Keres"]
[WhiteTeamCountry "GER"]
[BlackTeamCountry "NED"]

1. e4 c5 2. Nf3 Nc6 3. Bb5 g6 4. Bxc6 bxc6 5. 0-0 Bg7 6. Re1 Qc7 7. c3 d6 8. d4 cxd4 9. cxd4 Nf6 10. Nc3 0-0 11. Bf4 Nh5 12. Be3 Bg4 13. Rc1 Qb7 14. Na4 f5 15. e5 f4 16. Bd2 dxe5 17. dxe5 Rad8 18. Qe2 Bxf3 19. gxf3 Rd5 20. Bc3 Rf5 21. Rcd1 Qc8 22. Rxd5 cxd5 23. Qb5 Rg5+ 24. Kh1 Qe6 25. Rd1 Qh3 26. Qxd5+ e6 27. Qa8+ Bf8 28. Rg1 Rf5 29. Nc5 Rf7 30. Nd3 Qf5 31. Nb4 Kg7 32. Nc6 Bc5 33. Nd4 Bxd4 34. Bxd4 Qd3 35. Qe4 Qxe4 36. fxe4 Rd7 37. Bc5 Rd2 38. Bxa7 Rxb2 39. Ra1 f3 40. Be3 Kf7 41. a4 1-0

[Event "NED-chT 2223"]
[Site "Netherlands"]
[Date "2022.09.17"]
[Round "1.6"]
[White "Lombaers, Peter"]
[Black "De Wit, Tex"]
[Result "1-0"]
[WhiteElo "2352"]
[BlackElo "2275"]
[PlyCount "99"]
[EventDate "2022.09.17"]
[EventType "team-tourn"]
[EventRounds "9"]
[EventCountry "NED"]
[SourceTitle "CBM 213 Extra"]
[Source "ChessBase"]
[SourceDate "2023.05.31"]
[SourceVersion "1"]
[SourceVersionDate "2023.05.31"]
[SourceQuality "1"]
[WhiteTeam "Paul Keres"]
[BlackTeam "Kennemer Combinatie"]
[WhiteTeamCountry "NED"]
[BlackTeamCountry "NED"]

1. d4 Nf6 2. c4 e6 3. Nf3 d5 4. Nc3 Bb4 5. Qa4+ Nc6 6. a3 Bxc3+ 7. bxc3 Ne4 8. e3 Nxc3 9. Qc2 Ne4 10. Bd3 f5 11. 0-0 0-0 12. Bd2 Nxd2 13. Qxd2 Qe7 14. Rfc1 Nd8 15. a4 c6 16. a5 Bd7 17. Rab1 Rc8 18. Ne5 Rc7 19. Qc2 a6 20. f3 Bc8 21. e4 dxe4 22. fxe4 c5 23. exf5 exf5 24. Re1 cxd4 25. Ng6 hxg6 26. Rxe7 Rxe7 27. c5 Be6 28. Bc4 Rfe8 29. Rb6 Kf8 30. Rd6 Bxc4 31. Qxc4 Ne6 32. Kf2 Ng5 33. Rxd4 Ne4+ 34. Kg1 Rc8 35. g4 Nf6 36. gxf5 gxf5 37. Rh4 Ng8 38. Rh8 Rf7 39. c6 Rxc6 40. Qb4+ Re7 41. Rxg8+ Kxg8 42. Qxe7 Rf6 43. Qxb7 f4 44. Qf3 Kf7 45. Kg2 Rg6+ 46. Kf2 Rf6 47. Qd5+ Kf8 48. Kf3 g6 49. Qd7 Kg8 50. Qe7 1-0

[Event "Utrecht OKU Masters 47th"]
[Site "Utrecht"]
[Date "2022.05.29"]
[Round "9"]
[White "Lombaers, Peter"]
[Black "Ratsma, Rosa"]
[Result "0-1"]
[WhiteElo "2355"]
[BlackElo "2234"]
[PlyCount "56"]
[EventDate "2022.02.13"]
[EventType "tourn"]
[EventRounds "9"]
[EventCountry "NED"]
[SourceTitle "EXT 2023"]
[Source "ChessBase"]
[SourceDate "2022.10.05"]
[SourceVersion "1"]
[SourceVersionDate "2022.10.05"]
[SourceQuality "1"]

1. d4 Nf6 2. c4 e6 3. Nf3 d5 4. Nc3 dxc4 5. e4 Bb4 6. Bxc4 Nxe4 7. 0-0 Nxc3 8. bxc3 Be7 9. Bf4 c5 10. Ne5 0-0 11. Qg4 cxd4 12. Rfd1 Bf6 13. cxd4 Nc6 14. Rd3 g6 15. Rad1 Bg7 16. h4 h5 17. Qh3 Na5 18. Bb5 Qd5 19. Ba4 b5 20. Bc2 Bb7 21. Rg3 Qxa2 22. Bxg6 fxg6 23. Nxg6 Rf7 24. Re1 Nc6 25. Rxe6 Rd8 26. Be5 Bc8 27. Nf4 Nxe5 28. dxe5 Rxf4 0-1

[Event "Utrecht OKU Masters 47th"]
[Site "Utrecht"]
[Date "2022.02.27"]
[Round "2"]
[White "Dorokhin, Mykhailo"]
[Black "Lombaers, Peter"]
[Result "1-0"]
[WhiteElo "2357"]
[BlackElo "2355"]
[PlyCount "117"]
[EventDate "2022.02.13"]
[EventType "tourn"]
[EventRounds "9"]
[EventCountry "NED"]
[SourceTitle "EXT 2023"]
[Source "ChessBase"]
[SourceDate "2022.10.05"]
[SourceVersion "1"]
[SourceVersionDate "2022.10.05"]
[SourceQuality "1"]

1. Nf3 Nf6 2. c4 Nc6 3. g3 e5 4. d3 d5 5. cxd5 Nxd5 6. Bg2 Be7 7. 0-0 0-0 8. Nc3 Be6 9. Bd2 Nb6 10. a3 a5 11. Na4 Nd4 12. Nxd4 Qxd4 13. Nxb6 Qxb6 14. b4 axb4 15. Bxb4 Bxb4 16. axb4 c6 17. Qd2 h6 18. Qc3 Qd4 19. Qxd4 exd4 20. Rfb1 Rfe8 21. h3 Bd7 22. Kf1 Kf8 23. Ra5 Ke7 24. Rba1 Rxa5 25. Rxa5 Kd6 26. f4 f6 27. Kf2 Re7 28. h4 Bg4 29. Be4 f5 30. Bf3 Bxf3 31. Kxf3 b5 32. h5 Rb7 33. e4 dxe3 34. Kxe3 c5 35. Ra8 cxb4 36. Kd4 Kc6 37. Ra6+ Rb6 38. Ra7 Rb7 39. Ra6+ Rb6 40. Ra7 b3 41. Ra3 b4 42. Rxb3 Kb5 43. Ke5 Kc5 44. Rb1 b3 45. d4+ Kc4 46. d5 Kc3 47. d6 Kc2 48. Re1 b2 49. d7 Rb8 50. Kd6 b1Q 51. Rxb1 Rxb1 52. d8Q Rd1+ 53. Ke7 Rxd8 54. Kxd8 Kd3 55. Ke7 Ke4 56. Kf7 Kf3 57. Kxg7 Kxg3 58. Kxh6 Kxf4 59. Kg6 1-0

[Event "POR-chT"]
[Site "Penafiel"]
[Date "2020.08.28"]
[Round "9.5"]
[White "Del Rio de Angelis, Salvador Gabriel"]
[Black "Lombaers, Peter"]
[Result "1-0"]
[WhiteElo "2503"]
[BlackElo "2379"]
[PlyCount "63"]
[EventDate "2020.08.22"]
[EventType "team-tourn"]
[EventRounds "9"]
[EventCountry "POR"]
[SourceTitle "CBM 198 Extra"]
[Source "ChessBase"]
[SourceDate "2020.11.30"]
[SourceVersion "1"]
[SourceVersionDate "2020.11.30"]
[SourceQuality "1"]
[WhiteTeam "Assembleia Figueirense"]
[BlackTeam "Porto A Gx"]
[WhiteTeamCountry "POR"]
[BlackTeamCountry "POR"]

1. d4 Nf6 2. c4 g6 3. Nc3 d5 4. Bg5 Bg7 5. Bxf6 Bxf6 6. cxd5 c6 7. e4 0-0 8. e5 Bg7 9. h4 cxd5 10. h5 Nc6 11. h6 Bh8 12. Qd2 f6 13. f4 fxe5 14. dxe5 Nxe5 15. fxe5 Bxe5 16. Nf3 Bg3+ 17. Kd1 e5 18. Ne2 Bf4 19. Qc3 d4 20. Qb3+ Kh8 21. Nxf4 Rxf4 22. Qb5 Rf5 23. Qe2 Qf6 24. Nd2 Rf4 25. Qb5 Bg4+ 26. Be2 Bxe2+ 27. Qxe2 d3 28. Qe3 Rf8 29. Rc1 e4 30. Rc3 Rf2 31. Nxe4 Rf1+ 32. Kd2 1-0

[Event "POR-chT"]
[Site "Penafiel"]
[Date "2020.08.25"]
[Round "5.3"]
[White "Espinosa Aranda, Angel"]
[Black "Lombaers, Peter"]
[Result "1-0"]
[WhiteElo "2506"]
[BlackElo "2379"]
[PlyCount "65"]
[EventDate "2020.08.22"]
[EventType "team-tourn"]
[EventRounds "9"]
[EventCountry "POR"]
[SourceTitle "CBM 198 Extra"]
[Source "ChessBase"]
[SourceDate "2020.11.30"]
[SourceVersion "1"]
[SourceVersionDate "2020.11.30"]
[SourceQuality "1"]
[WhiteTeam "Amadora"]
[BlackTeam "Porto A Gx"]
[WhiteTeamCountry "POR"]
[BlackTeamCountry "POR"]

1. d4 Nf6 2. c4 g6 3. Nc3 d5 4. cxd5 Nxd5 5. e4 Nxc3 6. bxc3 Bg7 7. Nf3 c5 8. Bb5+ Nc6 9. 0-0 0-0 10. Be3 Bg4 11. Bxc6 bxc6 12. Rc1 Qa5 13. Qc2 Rfd8 14. Ne5 Bxe5 15. dxe5 Be6 16. c4 Qa3 17. Rfd1 Rxd1+ 18. Rxd1 Qb4 19. Rc1 Rd8 20. h3 Kg7 21. f4 Qa3 22. Qb3 Qxb3 23. axb3 Rd3 24. Bxc5 Rxb3 25. Bxe7 h5 26. Ra1 Bxc4 27. Rxa7 Rb8 28. Bf6+ Kf8 29. f5 gxf5 30. exf5 Bd3 31. e6 Bxf5 32. Rxf7+ Ke8 33. Rg7 1-0

[Event "Leiden Noteboom op 80th"]
[Site "Leiden"]
[Date "2020.03.01"]
[Round "5"]
[White "Lombaers, Peter"]
[Black "Schoppen, Casper"]
[Result "0-1"]
[WhiteElo "2383"]
[BlackElo "2489"]
[PlyCount "110"]
[EventDate "2020.02.28"]
[EventType "swiss"]
[EventRounds "6"]
[EventCountry "NED"]
[SourceTitle "CBM 195 Extra"]
[Source "ChessBase"]
[SourceDate "2020.05.31"]
[SourceVersion "1"]
[SourceVersionDate "2020.05.31"]
[SourceQuality "1"]

1. d4 Nf6 2. c4 e6 3. Nc3 Bb4 4. f3 d5 5. a3 Be7 6. e4 dxe4 7. fxe4 c5 8. d5 exd5 9. exd5 0-0 10. Be2 Re8 11. Nf3 Bg4 12. 0-0 Nbd7 13. Bg5 h6 14. Bh4 Bd6 15. Qc2 Qb8 16. Kh1 Bh5 17. Nb5 Bf4 18. d6 Bxd6 19. Nxd6 Qxd6 20. Rad1 Qc6 21. Rfe1 Bg6 22. Bd3 Bxd3 23. Qxd3 Rxe1+ 24. Rxe1 Re8 25. Rxe8+ Nxe8 26. Bg3 Qe6 27. b4 Nef6 28. Bf2 Ne4 29. Kg1 f5 30. h4 Kh7 31. Bxc5 Ndxc5 32. bxc5 Nxc5 33. Qd4 b6 34. Ne5 Qf6 35. Qf4 Ne6 36. Qg3 g5 37. hxg5 hxg5 38. Qe3 Nc5 39. Qd4 Kg7 40. Qd5 Qe6 41. Qd4 Kh7 42. Nf3 Qe7 43. Qd5 Qf6 44. Ne5 Qe6 45. Qd4 g4 46. Kf1 Ne4 47. Kg1 Qd6 48. Qd5 Qxd5 49. cxd5 Kg7 50. Nc6 a5 51. Ne7 Kf6 52. Nc8 b5 53. d6 Ke6 54. Kf1 Nxd6 55. Nb6 Nc4 0-1

[Event "Gibraltar Masters 18th"]
[Site "Caleta"]
[Date "2020.01.27"]
[Round "7"]
[White "Lombaers, Peter"]
[Black "Maze, Sebastien"]
[Result "0-1"]
[WhiteElo "2383"]
[BlackElo "2550"]
[PlyCount "102"]
[EventDate "2020.01.21"]
[EventType "swiss"]
[EventRounds "10"]
[EventCountry "GGB"]
[SourceTitle "CBM 194 Extra"]
[Source "ChessBase"]
[SourceDate "2020.03.31"]
[SourceVersion "1"]
[SourceVersionDate "2020.03.31"]
[SourceQuality "1"]

1. d4 Nf6 2. c4 g6 3. f3 d6 4. e4 Bg7 5. Nc3 c6 6. Be3 a6 7. c5 0-0 8. Nge2 Nbd7 9. Qd2 Qc7 10. Ng3 dxc5 11. dxc5 h5 12. Be2 h4 13. Nf1 Ne5 14. Qc2 Rd8 15. Nd2 h3 16. g3 Be6 17. 0-0 Rd7 18. Na4 Rf8 19. Nb3 Nh5 20. g4 Nf6 21. Kh1 Rdd8 22. Rg1 Bxb3 23. axb3 Ned7 24. Raf1 e5 25. Rg3 Rfe8 26. Rxh3 Nf8 27. Bc4 Ne6 28. Bxe6 Rxe6 29. Rg3 Nh7 30. Rg2 Ree8 31. Nb6 Nf8 32. Nc4 Ne6 33. Nd6 Re7 34. b4 Red7 35. Rd2 Bf8 36. Nc4 Rxd2 37. Bxd2 Nd4 38. Qc1 Nb3 39. Qc3 Nxd2 40. Nxd2 Bh6 41. Nc4 Rd4 42. Qb3 Qe7 43. Rd1 Qh4 44. Kg2 Bf4 45. Rxd4 Qxh2+ 46. Kf1 exd4 47. Ke1 Qh1+ 48. Ke2 Qg2+ 49. Kd1 Qf1+ 50. Kc2 Qe2+ 51. Kb1 d3 0-1

[Event "NED-ch blitz 5th"]
[Site "Amstelveen"]
[Date "2019.11.30"]
[Round "24"]
[White "Zwirs, Nico"]
[Black "Lombaers, Peter"]
[Result "1-0"]
[WhiteElo "2420"]
[BlackElo "2366"]
[PlyCount "59"]
[EventDate "2019.11.30"]
[EventType "swiss (blitz)"]
[EventRounds "30"]
[EventCountry "NED"]
[SourceTitle "CBM 193 Extra"]
[Source "ChessBase"]
[SourceDate "2020.01.31"]
[SourceVersion "1"]
[SourceVersionDate "2020.01.31"]
[SourceQuality "1"]

1. e4 c5 2. Nf3 e6 3. d4 cxd4 4. Nxd4 Nc6 5. Nc3 Qc7 6. Be3 a6 7. Qd2 Nf6 8. f4 Bb4 9. Bd3 Na5 10. 0-0 Bxc3 11. Qxc3 Qxc3 12. bxc3 d5 13. exd5 exd5 14. Nb3 Nc4 15. Bc5 Ne4 16. Rfe1 f5 17. Bxc4 dxc4 18. Nd2 Be6 19. Nxe4 fxe4 20. Rxe4 Kf7 21. f5 Bxf5 22. Rf1 Kg6 23. Re3 Bxc2 24. Rg3+ Kh5 25. Rxg7 Rhg8 26. Rff7 Rxg7 27. Rxg7 Rd8 28. Be3 Be4 29. g4+ Kh4 30. Bg5+ 1-0